| 000 | 00752nam a22001817a 4500 | ||
|---|---|---|---|
| 003 | OSt | ||
| 005 | 20250823093257.0 | ||
| 008 | 240816b ||||| |||| 00| 0 eng d | ||
| 040 | _c0 | ||
| 082 | _aDPer 364.05 J826 Winter -Spring 2020 v. 110 n. 1-2 | ||
| 100 |
_aWebster, Elizabeth. _eauthor. _958089 |
||
| 245 |
_aThe prosecutor as a final safeguard against false convictions : _bThe prosecutor as a final safeguard against false convictions / _cElizabeth Webster. |
||
| 260 |
_aEvanston ; _bNorthwestern University Press , _cSpring 2020. |
||
| 300 | _avolume 110, pages 245-305 ; | ||
| 500 | _aThe Journal of Criminal Law and Criminology, vol. 110, pages 245-306, Spring 2020. | ||
| 700 |
_aWebster, Elizabeth. _eauthor. _958089 |
||
| 942 |
_2ddc _cPER |
||
| 999 |
_c20565 _d20565 |
||